| 000 | 00677nam a22002177a 4500 | ||
|---|---|---|---|
| 999 |
_c13713 _d13713 |
||
| 003 | MIRAKIL | ||
| 005 | 20211214000617.0 | ||
| 008 | 200116b tu ||||| |||| 00| 0 tur d | ||
| 020 | _a9789944137256 | ||
| 040 |
_aTR-AnCHP _cTR-AnCHP |
||
| 041 | _atur | ||
| 082 |
_a327.9561 _bT96 2012 |
||
| 245 | 1 | 0 |
_aTürkiye dış politikası : _b1919-2012/ _cEditör Haydar Çakmak. |
| 260 |
_aAnkara: _bBarış Kitap, _c2012. |
||
| 300 |
_a1244 s.: _btbl., _c24 sm. |
||
| 504 | _aKaynakça vardır. | ||
| 650 | 0 |
_95349 _aUluslararası ilişkiler _xTürkiye _y1919-2012 |
|
| 650 | 0 |
_aSiyaset ve yönetim _xTürkiye _y1919-2012 _99 |
|
| 700 |
_96207 _aÇakmak, Haydar _eed. |
||
| 942 |
_2ddc _cBKS |
||